000 00362nam a2200133 i 4500
001 bg
100 1 _aOLSZOWSKI, Andrzej
245 0 _aWłasności widmowe i luminescencyjne pseudoazulenów-pochodnych oksalenu /
_cAndrzej Olszowski.
260 _aWrocław,
_c1982.
040 _cBPK
041 _apol
942 _cKS
008 s pl f |000 0 pol
999 _c21710
_d21710
856 _uhttp://koha.tu.koszalin.pl/cgi-bin/koha/opac-detail.pl?biblionumber=21710
_yKatalog online BPK